000 01300nam0a22002651 4500
001 rc\4657166
005 20260407041654.0
021 _aRU
_b67-ОЭ-2332/37
021 _aRU
_bРг9038-67
035 _a(NLR Aleph) 008414938
090 _a9320212
_c9320212
100 _a20130416d1967 |||y0rusy50 ca
101 0 _arus
102 _aRU
105 _ay z |||||
200 1 _aСопоставление уровня прогрессивности технических решений проектов реконструкции шахт Донецкого бассейна и зарубежных шахт
_fМ-во угольной пром-сти СССР. Ин-т горного дела им. А.А. Скочинского. Лаборатория комплексных горноэкон. проблем
210 _aМосква
_cБ. и.
_d1967
215 _a[4], 69 л.
_d29
300 _aОтпеч. множит. аппаратом
712 0 2 _aИнститут горного дела им. А.А.Скочинского
_cМосква
_bЛаборатория комплексных горноэкономических проблем
_3RU\NLR\AUTH\8810013816
_9525527
801 0 _aRU
_bNLR
_gpsbo
801 1 _aRU
_bELAR
_2rusmarc
852 _aNLR
_j67-8/1725
942 _cBOOK
980 _aNB